LIBRARY & INFORMATION CENTRE, KCAET, TAVANUR

ONLINE PUBLIC ACCESS CATALOGUE (OPAC)

Keralathile muslingal / (Record no. 18136)

MARC details
000 -LEADER
fixed length control field 00482nam a2200193 4500
003 - CONTROL NUMBER IDENTIFIER
control field OSt
008 - FIXED-LENGTH DATA ELEMENTS--GENERAL INFORMATION
fixed length control field 241007b |||||||| |||| 00| 0 eng d
020 ## - INTERNATIONAL STANDARD BOOK NUMBER
ISBN 9789384638986
041 ## - LANGUAGE CODE
Language code of text/sound track or separate title mal
082 ## - DEWEY DECIMAL CLASSIFICATION NUMBER
Classification number 954.83
Item number MOR/KE
100 ## - MAIN ENTRY--AUTHOR NAME
Personal name More, J B P
245 ## - TITLE STATEMENT
Title Keralathile muslingal /
250 ## - EDITION STATEMENT
Edition statement 1st ed.
260 ## - PUBLICATION, DISTRIBUTION, ETC. (IMPRINT)
Place of publication Calicut :
Name of publisher Progress Publication,
Year of publication 2021.
300 ## - PHYSICAL DESCRIPTION
Number of Pages 233p.
650 ## - SUBJECT ADDED ENTRY--TOPICAL TERM
Topical Term History
700 ## - ADDED ENTRY--PERSONAL NAME
Personal name Muhammed, Shibu - translator.
942 ## - ADDED ENTRY ELEMENTS (KOHA)
Koha item type Books
Holdings
Withdrawn status Lost status Damaged status Home library Current library Date acquired Source of acquisition Cost, normal purchase price Full call number Accession Number Koha item type
      KAUAET KAUAET 07/10/2024 Donated by KT Jaleel MLA 280.00 954.83 MOR/KE 26259 Books
free website counter